000 00723nam a2200205Ia 4500
003 GCL
008 140319s9999 xx 000 0 ara d
040 _aGCL /
_cGCL
082 0 4 _a417.535
_bا ح
100 1 _aاحمد عبدالرحمن حماد
245 1 0 _aالخصائص الصوتية في لهجة الامارات العربية:دراسة لغوية ميدانيه /
_cاحمد عبدالرحمن حماد
260 _a[S.N] :
_bدار المعرفة الجامعية
300 _a57 ص
490 _a
650 0 4 _aاللغة العربية
650 0 4 _aعلم الاصوات
650 0 4 _aاللهجات العربية
650 0 4 _aالامارات العربية المتحدة
942 _2ddc
_cBK
999 _c28544
_d28544